External Sector Report, July 2018 : Tackling Global Imbalances amid Rising Trade Tensions.

The External Sector Report presents a methodologically consistent assessment of the exchange rates, current accounts, reserves, capital flows, and external balance sheets of the world's largest economies. The 2018 edition includes an analytical assessment of how trade costs and related policy b...

全面介紹

書目詳細資料
企業作者: International Monetary Fund
格式: 雜誌
語言:English
出版: Washington, D.C. : International Monetary Fund, 2018.
叢編:External Sector Report; External Sector Report ; No. 2018/001
在線閱讀:Full text available on IMF
LEADER 01434cas a2200241 a 4500
001 AALejournalIMF022069
008 230101c9999 xx r poo 0 0eng d
020 |c 50.00 USD 
020 |z 9781484367360 
022 |a 2617-3832 
040 |a BD-DhAAL  |c BD-DhAAL 
110 2 |a International Monetary Fund. 
245 1 0 |a External Sector Report, July 2018 :   |b Tackling Global Imbalances amid Rising Trade Tensions. 
264 1 |a Washington, D.C. :  |b International Monetary Fund,  |c 2018. 
300 |a 1 online resource (150 pages) 
490 1 |a External Sector Report 
500 |a <strong>Off-Campus Access:</strong> No User ID or Password Required 
500 |a <strong>On-Campus Access:</strong> No User ID or Password Required 
506 |a Electronic access restricted to authorized BRAC University faculty, staff and students 
520 3 |a The External Sector Report presents a methodologically consistent assessment of the exchange rates, current accounts, reserves, capital flows, and external balance sheets of the world's largest economies. The 2018 edition includes an analytical assessment of how trade costs and related policy barriers drive excess global imbalances. 
538 |a Mode of access: Internet 
830 0 |a External Sector Report; External Sector Report ;  |v No. 2018/001 
856 4 0 |z Full text available on IMF  |u http://elibrary.imf.org/view/books/085/25342-9781484367360-en/25342-9781484367360-en-book.xml  |z IMF e-Library